Central Library OPAC University of Rajshahi

Mathematics for electronics / (Record no. 51574)

MARC details
000 -LEADER
fixed length control field 00666nam a2200229 a 4500
001 - CONTROL NUMBER
control field 51574
003 - CONTROL NUMBER IDENTIFIER
rucl marc code BD-RjUL
005 - DATE AND TIME OF LATEST TRANSACTION
control field 20211209075701.0
008 - FIXED-LENGTH DATA ELEMENTS--GENERAL INFORMATION
fixed length control field 160831s1976 njua 001 0 eng d
020 ## - INTERNATIONAL STANDARD BOOK NUMBER
Terms of availability : TK 783.5
International Standard Book Number 0135626293
035 ## - SYSTEM CONTROL NUMBER
System control number (BD-RjUL)51694
040 ## - CATALOGING SOURCE
Original cataloging agency KyLoAPB
Transcribing agency KyLoAPB
Modifying agency DLC
-- BD-RjUL
Language of cataloging eng
041 ## - LANGUAGE CODE
Language code of text/sound track or separate title eng
082 ## - DEWEY DECIMAL CLASSIFICATION NUMBER
Edition number 23
Classification number 510
Author mark and year THM 1976
100 1# - MAIN ENTRY--PERSONAL NAME
Personal name Thomson, Charles M.
9 (RLIN) 154158
245 10 - TITLE STATEMENT
Title Mathematics for electronics /
Statement of responsibility, etc. Charles M. Thomson
260 ## - PUBLICATION, DISTRIBUTION, ETC. (IMPRINT)
Place of publication, distribution, etc. New Jersey :
Name of publisher, distributor, etc. Prentice-Hall,
Date of publication, distribution, etc. c1976.
300 ## - PHYSICAL DESCRIPTION
Pagination xx, 634 p. :
Illustrations ill. ;
Size 24 cm.
500 ## - GENERAL NOTE
General note Includes index.
650 #0 - SUBJECT ADDED ENTRY--TOPICAL TERM
Topical term or geographic name as entry element Electronics
General subdivision Mathematics.
9 (RLIN) 154159
942 ## - ADDED ENTRY ELEMENTS (KOHA)
Source of classification or shelving scheme Dewey Decimal Classification
Koha item type Books
Holdings
Lost status Source of classification or shelving scheme Damaged status Not for loan Collection code Permanent Location Current Location Shelving location Date acquired Source of acquisition Total Checkouts Full call number Date last seen Copy number Koha item type
  Dewey Decimal Classification     Non-fiction Central Library, University of Rajshahi Central Library, University of Rajshahi   08/06/1985 Asia foundation   510 THM 1976 31/08/2016 C-2 Books